00828nam a2200181 a 450000100100000000500170001000800410002702000150006804000250008308200270010810000280013524501190016326000420028230000290032450000730035395202030042699900170062900004656220201002052948.0150826s1974 xxub 000 0 spa d a0807724262 aDO-SdBNPbspacBNPHU axxxxxxxxxxbxxxxxxxxxx1 aHendricks, Glenn91267310aThe dominican diaspora :bfrom the Dominican Republic to New York City-villagers in transition /cGlenn Hendricks. aNew York, :bTeachers College,c1974. a170 p. :bmap. ;c24 cm. aIncluye referencias bibliográficas y notas al pie de las páginas 001050718MOaPDbPDcHDd2015-08-26iLF1l0oxxxxxxxxxx xxxxxxxxxxp46562-10r2020-06-25w2020-06-25y1zPerteneció a la biblioteca personal de Chiqui Vicioso / Fidelio Despradel.ZNo se presta c46051d46051